[Event "MPA 2100 2024"]
[Site "Sianozety"]
[Date "2024.04.12"]
[Round "1.1"]
[White "Trybus, Dominika"]
[Black "Sliwerski, Radoslaw"]
[Result "1-0"]
[BlackElo "1995"]
[WhiteElo "1867"]
[LiveChessVersion "1.4.4"]

1. e4 {[%clk 1:30:59]} c5 {[%clk 1:29:00]} 2. Nf3 {[%clk 1:31:18]} d6
{[%clk 1:29:26]} 3. d4 {[%clk 1:31:36]} cxd4 {[%clk 1:29:54]} 4. Qxd4
{[%clk 1:31:59]} Nc6 {[%clk 1:29:47]} 5. Bb5 {[%clk 1:32:04]} Bd7
{[%clk 1:29:59]} 6. Bxc6 {[%clk 1:32:25]} Bxc6 {[%clk 1:30:26]} 7. Nc3
{[%clk 1:32:40]} Nf6 {[%clk 1:30:23]} 8. Bg5 {[%clk 1:31:54]} e6 {[%clk 1:30:29]}
9. O-O-O {[%clk 1:30:06]} Be7 {[%clk 1:30:11]} 10. Qd3 {[%clk 1:26:12]} Qa5
{[%clk 1:29:46]} 11. h4 {[%clk 1:25:09]} h6 {[%clk 1:30:09]} 12. Bf4
{[%clk 1:23:24]} Ng4 {[%clk 1:19:36]} 13. Bg3 {[%clk 1:19:25]} Ne5
{[%clk 1:18:31]} 14. Nxe5 {[%clk 1:09:49]} dxe5 {[%clk 1:18:58]} 15. f3
{[%clk 1:05:34]} O-O {[%clk 1:18:42]} 16. Kb1 {[%clk 1:04:13]} b5
{[%clk 1:16:01]} 17. Ne2 {[%clk 1:00:12]} b4 {[%clk 1:15:06]} 18. f4
{[%clk 0:59:26]} Rfd8 {[%clk 1:13:30]} 19. Qf3 {[%clk 0:54:46]} f5
{[%clk 1:11:55]} 20. Qb3 {[%clk 0:55:03]} Bxe4 {[%clk 1:07:42]} 21. Qxe6+
{[%clk 0:55:00]} Kf8 {[%clk 1:08:06]} 22. fxe5 {[%clk 0:53:03]} Qc5
{[%clk 1:05:51]} 23. Rc1 {[%clk 0:42:21]} Rd2 {[%clk 0:58:39]} 24. Nf4
{[%clk 0:40:58]} Rxc2 {[%clk 0:55:43]} 25. Ng6+ {[%clk 0:40:18]} Ke8
{[%clk 0:56:09]} 26. Rxc2 {[%clk 0:40:23]} Bxc2+ {[%clk 0:51:10]} 27. Ka1
{[%clk 0:40:17]} b3 {[%clk 0:51:21]} 28. Qg8+ {[%clk 0:40:18]} Bf8
{[%clk 0:51:32]} 29. Nxf8 {[%clk 0:38:19]} Qxf8 {[%clk 0:51:42]} 30. Qe6+
{[%clk 0:38:45]} Kd8 {[%clk 0:51:49]} 31. Qd5+ {[%clk 0:37:37]} Ke7
{[%clk 0:50:48]} 32. h5 {[%clk 0:37:48]} Qe8 {[%clk 0:49:38]} 33. Bf2
{[%clk 0:33:07]} Qc8 {[%clk 0:47:07]} 34. Bc5+ {[%clk 0:30:30]} Ke8
{[%clk 0:47:31]} 35. Qg8+ {[%clk 0:28:21]} Kd7 {[%clk 0:48:00]} 36. Qxg7+
{[%clk 0:27:54]} Kc6 {[%clk 0:48:27]} 37. Bd6 {[%clk 0:26:53]} Qg8
{[%clk 0:43:41]} 38. Qc7+ {[%clk 0:22:44]} Kd5 {[%clk 0:43:41]} 39. Qb7+
{[%clk 0:20:10]} Ke6 {[%clk 0:42:22]} 40. Qe7+ {[%clk 0:18:51]} Kd5
{[%clk 0:42:43]} 41. Ba3 {[%clk 0:17:27]} Qd8 {[%clk 0:39:36]} 42. Qc5+
{[%clk 0:15:39]} Ke6 {[%clk 0:39:58]} 43. Qc6+ {[%clk 0:15:38]} Kxe5
{[%clk 0:39:29]} 44. Re1+ {[%clk 0:14:32]} Be4 {[%clk 0:39:48]} 45. Qc3+
{[%clk 0:14:36]} Ke6 {[%clk 0:36:55]} 46. Qg3 {[%clk 0:12:23]} Rc8
{[%clk 0:33:34]} 47. Qxb3+ {[%clk 0:11:26]} Qd5 {[%clk 0:30:44]} 48. Qe3
{[%clk 0:11:00]} Rg8 {[%clk 0:23:04]} 49. Qxa7 {[%clk 0:10:11]} Qd7
{[%clk 0:21:38]} 50. Qb6+ {[%clk 0:09:39]} Kf7 {[%clk 0:21:55]} 51. Qxh6
{[%clk 0:08:12]} Rxg2 {[%clk 0:22:01]} 52. Qh7+ {[%clk 0:07:40]} Ke6
{[%clk 0:19:10]} 53. Qh6+ {[%clk 0:07:02]} Ke5 {[%clk 0:18:40]} 54. Bb4
{[%clk 0:06:59]} Qd3 {[%clk 0:17:19]} 55. Bc3+ {[%clk 0:06:49]} Kd5
{[%clk 0:17:48]} 56. Qf6 {[%clk 0:06:15]} Re2 {[%clk 0:16:33]} 57. Qd8+
{[%clk 0:05:53]} Ke6 {[%clk 0:16:21]} 58. Qxd3 {[%clk 0:05:40]} Bxd3
{[%clk 0:16:49]} 59. Rxe2+ {[%clk 0:05:39]} Bxe2 {[%clk 0:16:58]} 60. h6
{[%clk 0:05:53]} Kf7 {[%clk 0:17:27]} 61. Bd2 {[%clk 0:06:01]} Bh5
{[%clk 0:16:08]} 62. a4 {[%clk 0:06:18]} Bd1 {[%clk 0:16:15]} 63. a5
{[%clk 0:06:32]} Be2 {[%clk 0:16:32]} 64. Ka2 {[%clk 0:06:46]} Bd3
{[%clk 0:16:57]} 65. Kb3 {[%clk 0:06:51]} f4 {[%clk 0:17:23]} 66. Bxf4
{[%clk 0:07:10]} Ke6 {[%clk 0:17:52]} 67. Kc3 {[%clk 0:07:26]} Be4
{[%clk 0:18:00]} 68. a6 {[%clk 0:07:20]} 1-0

[Event "MPA 2100 2024"]
[Site "Sianozety"]
[Date "2024.04.12"]
[Round "1.2"]
[White "Gabrys, Lukasz"]
[Black "Tyran, Daniel"]
[Result "1-0"]
[BlackElo "1854"]
[WhiteElo "1993"]
[LiveChessVersion "1.4.4"]

1. e4 {[%clk 1:30:40]} d6 {[%clk 1:30:48]} 2. d4 {[%clk 1:29:11]} Nf6
{[%clk 1:31:10]} 3. Nc3 {[%clk 1:28:37]} g6 {[%clk 1:31:16]} 4. Bg5
{[%clk 1:23:41]} c6 {[%clk 1:31:34]} 5. Qd2 {[%clk 1:19:32]} Nbd7
{[%clk 1:29:53]} 6. f4 {[%clk 1:15:45]} d5 {[%clk 1:28:09]} 7. e5
{[%clk 1:13:28]} Ne4 {[%clk 1:27:00]} 8. Nxe4 {[%clk 1:12:02]} dxe4
{[%clk 1:27:21]} 9. Bc4 {[%clk 1:01:36]} Nb6 {[%clk 1:25:22]} 10. Bb3
{[%clk 1:00:45]} f6 {[%clk 1:25:20]} 11. Bh4 {[%clk 1:00:36]} Bh6
{[%clk 1:25:25]} 12. Qf2 {[%clk 0:47:47]} Rf8 {[%clk 1:20:03]} 13. exf6
{[%clk 0:43:26]} exf6 {[%clk 1:18:02]} 14. h3 {[%clk 0:40:06]} Qe7
{[%clk 1:16:22]} 15. Ne2 {[%clk 0:39:53]} Be6 {[%clk 1:15:57]} 16. O-O
{[%clk 0:38:39]} O-O-O {[%clk 1:13:39]} 17. c3 {[%clk 0:36:04]} Rde8
{[%clk 1:04:13]} 18. Bxe6+ {[%clk 0:33:02]} Qxe6 {[%clk 1:04:15]} 19. f5
{[%clk 0:33:29]} e3 {[%clk 0:58:56]} 20. Qf3 {[%clk 0:31:46]} Qe4
{[%clk 0:59:16]} 21. g4 {[%clk 0:30:03]} Nc4 {[%clk 0:57:07]} 22. Qxe4
{[%clk 0:26:43]} Rxe4 {[%clk 0:56:00]} 23. fxg6 {[%clk 0:27:00]} hxg6
{[%clk 0:55:59]} 24. Bxf6 {[%clk 0:25:42]} g5 {[%clk 0:48:27]} 25. b3
{[%clk 0:19:09]} Nd2 {[%clk 0:48:04]} 26. Rf5 {[%clk 0:19:24]} Re6
{[%clk 0:43:05]} 27. Be5 {[%clk 0:17:40]} Nf3+ {[%clk 0:42:10]} 28. Kf1
{[%clk 0:12:34]} Nxe5 {[%clk 0:40:28]} 29. dxe5 {[%clk 0:12:49]} Rxf5+
{[%clk 0:34:17]} 30. gxf5 {[%clk 0:13:10]} Rxe5 {[%clk 0:34:42]} 31. Ng3
{[%clk 0:12:58]} Bg7 {[%clk 0:29:20]} 32. Ke2 {[%clk 0:11:57]} Rc5
{[%clk 0:28:03]} 33. Ne4 {[%clk 0:12:06]} Re5 {[%clk 0:27:05]} 34. Kxe3
{[%clk 0:11:07]} Kd7 {[%clk 0:26:42]} 35. Rf1 {[%clk 0:11:05]} Ke7
{[%clk 0:25:18]} 36. c4 {[%clk 0:10:50]} b6 {[%clk 0:24:53]} 37. Kd3
{[%clk 0:11:06]} Bf6 {[%clk 0:24:37]} 38. Rf3 {[%clk 0:10:30]} b5
{[%clk 0:24:04]} 39. Nf2 {[%clk 0:10:10]} Kd6 {[%clk 0:23:30]} 40. Ng4
{[%clk 0:10:22]} bxc4+ {[%clk 0:23:15]} 41. bxc4 {[%clk 0:10:35]} Ra5
{[%clk 0:22:59]} 42. Nxf6 {[%clk 0:10:52]} Rxa2 {[%clk 0:22:34]} 43. Ne4+
{[%clk 0:10:52]} Ke5 {[%clk 0:22:35]} 44. f6 {[%clk 0:11:04]} Ra3+
{[%clk 0:22:18]} 45. Nc3 {[%clk 0:11:25]} 1-0

[Event "MPA 2100 2024"]
[Site "Sianozety"]
[Date "2024.04.12"]
[Round "1.3"]
[White "Kolodziej, Dariusz"]
[Black "Guzik, Jolanta"]
[Result "1/2-1/2"]
[BlackElo "1977"]
[WhiteElo "1854"]
[LiveChessVersion "1.4.4"]

1. e4 {[%clk 1:30:55]} e5 {[%clk 1:30:52]} 2. Nf3 {[%clk 1:30:56]} Nc6
{[%clk 1:31:16]} 3. Bc4 {[%clk 1:31:06]} Nf6 {[%clk 1:31:24]} 4. d3
{[%clk 1:31:05]} Bc5 {[%clk 1:31:44]} 5. c3 {[%clk 1:31:13]} d6 {[%clk 1:32:06]}
6. Bb3 {[%clk 1:29:30]} h6 {[%clk 1:29:45]} 7. Nbd2 {[%clk 1:28:29]} O-O
{[%clk 1:27:04]} 8. O-O {[%clk 1:24:41]} d5 {[%clk 1:26:53]} 9. exd5
{[%clk 1:21:44]} Nxd5 {[%clk 1:27:15]} 10. Ne4 {[%clk 1:22:01]} Be7
{[%clk 1:23:02]} 11. d4 {[%clk 1:09:56]} exd4 {[%clk 1:21:30]} 12. Nxd4
{[%clk 1:08:16]} Nxd4 {[%clk 1:21:54]} 13. Qxd4 {[%clk 1:08:06]} Nf6
{[%clk 1:18:34]} 14. Nxf6+ {[%clk 0:57:01]} 1/2-1/2

[Event "MPA 2100 2024"]
[Site "Sianozety"]
[Date "2024.04.12"]
[Round "1.4"]
[White "Plotka, Wojciech"]
[Black "Mazus, Jakub"]
[Result "1-0"]
[BlackElo "1817"]
[WhiteElo "1958"]
[LiveChessVersion "1.4.4"]

1. d4 Nf6 2. Nf3 e6 3. e3 b6 4. Bd3 Bb7 5. O-O Be7 6. b3 O-O 7. Bb2 c5 8. Nbd2
Nc6 9. a3 d5 10. Ne5 Qc7 11. f4 Rad8 12. Qe2 Nxe5 13. fxe5 Ne4 14. Rf4 Bg5 15.
Rg4 Nxd2 16. Rxg5 Ne4 17. Bxe4 dxe4 18. Rf1 Qe7 19. Rg3 Rc8 20. c4 b5 21. cxb5
Bd5 22. a4 Bxb3 23. Ba3 Bxa4 24. Bxc5 Rxc5 25. dxc5 Qxc5 26. Qg4 Qxe5 27. Rb1 Bc2
28. Rc1 Bd3 29. h4 f5 30. Qg5 Bxb5 31. Rc5 Qa1+ 32. Kh2 a6 33. Rc7 Rf7 34. Qd8+
Rf8 35. Qe7 Re8 36. Rxg7+ Kh8 37. Rxh7+ Kg8 38. Qf7# 1-0

[Event "MPA 2100 2024"]
[Site "Sianozety"]
[Date "2024.04.12"]
[Round "2.1"]
[White "Lewandrowski, Tomasz"]
[Black "Gabrys, Lukasz"]
[Result "1-0"]
[BlackElo "1993"]
[WhiteElo "1919"]
[LiveChessVersion "1.4.4"]

1. d4 {[%clk 1:30:58]} f5 {[%clk 1:30:46]} 2. Bg5 {[%clk 1:30:49]} g6
{[%clk 1:31:07]} 3. Nc3 {[%clk 1:30:47]} d5 {[%clk 1:26:59]} 4. e3
{[%clk 1:30:47]} Bg7 {[%clk 1:27:13]} 5. h4 {[%clk 1:30:20]} h6 {[%clk 1:27:05]}
6. Bf4 {[%clk 1:30:35]} c6 {[%clk 1:25:02]} 7. Nf3 {[%clk 1:29:40]} Nd7
{[%clk 1:24:40]} 8. Bd3 {[%clk 1:28:58]} Ngf6 {[%clk 1:24:30]} 9. Ne5
{[%clk 1:28:22]} Nxe5 {[%clk 1:24:40]} 10. Bxe5 {[%clk 1:28:51]} O-O
{[%clk 1:18:56]} 11. Qf3 {[%clk 1:23:12]} Ng4 {[%clk 1:17:50]} 12. Bxg7
{[%clk 1:22:10]} Kxg7 {[%clk 1:18:03]} 13. O-O-O {[%clk 1:20:33]} e5
{[%clk 1:18:01]} 14. Qg3 {[%clk 1:19:53]} f4 {[%clk 1:02:09]} 15. exf4
{[%clk 1:20:22]} exf4 {[%clk 1:02:27]} 16. Qf3 {[%clk 1:20:18]} Qd6
{[%clk 1:02:05]} 17. Rde1 {[%clk 1:15:23]} h5 {[%clk 1:00:11]} 18. Qe2
{[%clk 1:11:42]} Rf7 {[%clk 0:56:31]} 19. f3 {[%clk 1:02:36]} Ne3
{[%clk 0:44:17]} 20. g3 {[%clk 1:02:17]} Bd7 {[%clk 0:44:04]} 21. Rhg1
{[%clk 0:59:12]} Re8 {[%clk 0:43:52]} 22. Qd2 {[%clk 0:59:26]} Rf6
{[%clk 0:31:37]} 23. Ne2 {[%clk 0:57:13]} Nc4 {[%clk 0:13:58]} 24. Bxc4
{[%clk 0:57:20]} dxc4 {[%clk 0:14:26]} 25. Nxf4 {[%clk 0:57:33]} Ref8
{[%clk 0:13:55]} 26. Re5 {[%clk 0:56:21]} b5 {[%clk 0:13:40]} 27. Rge1
{[%clk 0:56:29]} R8f7 {[%clk 0:13:06]} 28. d5 {[%clk 0:51:40]} Bf5
{[%clk 0:09:49]} 29. dxc6 {[%clk 0:47:54]} Qxc6 {[%clk 0:10:03]} 30. Nd5
{[%clk 0:47:58]} Rd6 {[%clk 0:10:05]} 31. Qc3 {[%clk 0:48:02]} Kh7
{[%clk 0:10:02]} 32. Re8 {[%clk 0:42:59]} Rg7 {[%clk 0:08:58]} 33. Qxg7+
{[%clk 0:40:32]} 1-0

[Event "MPA 2100 2024"]
[Site "Sianozety"]
[Date "2024.04.12"]
[Round "2.2"]
[White "Motyl, Tomasz"]
[Black "Plotka, Wojciech"]
[Result "1/2-1/2"]
[BlackElo "1958"]
[WhiteElo "1891"]
[LiveChessVersion "1.4.4"]

1. e4 {[%clk 1:30:21]} d6 {[%clk 1:30:43]} 2. d4 {[%clk 1:30:24]} Nf6
{[%clk 1:30:52]} 3. Nc3 {[%clk 1:30:27]} g6 {[%clk 1:30:54]} 4. Nf3
{[%clk 1:29:43]} Bg7 {[%clk 1:30:56]} 5. h3 {[%clk 1:28:31]} O-O {[%clk 1:30:24]}
6. Be3 {[%clk 1:28:36]} c6 {[%clk 1:29:32]} 7. a4 {[%clk 1:28:57]} Qc7
{[%clk 1:27:57]} 8. Be2 {[%clk 1:26:03]} Nbd7 {[%clk 1:26:48]} 9. O-O
{[%clk 1:26:09]} e5 {[%clk 1:20:40]} 10. dxe5 {[%clk 1:24:32]} Nxe5
{[%clk 1:19:24]} 11. Nxe5 {[%clk 1:21:22]} dxe5 {[%clk 1:19:26]} 12. Bc4
{[%clk 1:16:43]} b6 {[%clk 1:18:13]} 13. Qf3 {[%clk 1:11:36]} Bb7
{[%clk 1:14:57]} 14. Rfd1 {[%clk 1:10:56]} a6 {[%clk 1:12:58]} 15. Bb3
{[%clk 1:05:38]} b5 {[%clk 1:06:45]} 16. Bc5 {[%clk 1:03:56]} Rfd8
{[%clk 0:58:37]} 17. a5 {[%clk 0:57:29]} Rxd1+ {[%clk 0:57:02]} 18. Rxd1
{[%clk 0:55:53]} Rd8 {[%clk 0:56:05]} 19. Bb6 {[%clk 0:49:43]} Rxd1+
{[%clk 0:56:04]} 20. Qxd1 {[%clk 0:46:31]} Qd7 {[%clk 0:53:44]} 21. f3
{[%clk 0:44:13]} Bc8 {[%clk 0:47:32]} 22. Kf2 {[%clk 0:41:08]} Qxd1
{[%clk 0:38:38]} 23. Nxd1 {[%clk 0:41:25]} Nd7 {[%clk 0:38:53]} 24. Ba7
{[%clk 0:36:56]} Bf8 {[%clk 0:38:31]} 25. c3 {[%clk 0:34:50]} Nc5
{[%clk 0:28:04]} 26. Ba2 {[%clk 0:32:21]} Nd3+ {[%clk 0:20:20]} 27. Ke3
{[%clk 0:31:07]} Nc1 {[%clk 0:19:47]} 28. Bb1 {[%clk 0:30:20]} Nb3
{[%clk 0:18:42]} 29. Bb6 {[%clk 0:30:15]} Be6 {[%clk 0:18:10]} 30. Bc2
{[%clk 0:27:34]} Bh6+ {[%clk 0:17:02]} 31. Kf2 {[%clk 0:26:44]} f6
{[%clk 0:10:28]} 32. Ne3 {[%clk 0:18:09]} Kf7 {[%clk 0:10:13]} 33. Ke2
{[%clk 0:14:47]} Ke7 {[%clk 0:10:09]} 34. Bxb3 {[%clk 0:12:29]} Bxb3
{[%clk 0:10:32]} 35. Kd3 {[%clk 0:12:48]} Kd6 {[%clk 0:08:33]} 36. c4
{[%clk 0:10:32]} Bxe3 {[%clk 0:08:32]} 37. Kxe3 {[%clk 0:10:29]} Bxc4
{[%clk 0:08:28]} 38. b4 {[%clk 0:10:45]} Ke6 {[%clk 0:07:21]} 39. h4
{[%clk 0:09:14]} f5 {[%clk 0:07:34]} 40. g3 {[%clk 0:09:17]} Bb3 1/2-1/2

[Event "MPA 2100 2024"]
[Site "Sianozety"]
[Date "2024.04.12"]
[Round "2.3"]
[White "Guzik, Jolanta"]
[Black "Trybus, Dominika"]
[Result "1-0"]
[BlackElo "1867"]
[WhiteElo "1977"]
[LiveChessVersion "1.4.4"]

1. c4 {[%clk 1:22:36]} e5 {[%clk 1:30:55]} 2. Nc3 {[%clk 1:23:00]} Nf6
{[%clk 1:31:19]} 3. g3 {[%clk 1:23:21]} c6 {[%clk 1:30:56]} 4. Nf3
{[%clk 1:23:24]} Bd6 {[%clk 1:30:08]} 5. d4 {[%clk 1:22:09]} exd4
{[%clk 1:28:19]} 6. Qxd4 {[%clk 1:22:17]} Be7 {[%clk 1:28:13]} 7. e4
{[%clk 1:20:40]} d6 {[%clk 1:27:16]} 8. Bg2 {[%clk 1:20:00]} Na6 {[%clk 1:24:22]}
9. O-O {[%clk 1:17:46]} O-O {[%clk 1:23:07]} 10. Bf4 {[%clk 1:15:57]} Nc5
{[%clk 1:21:43]} 11. Bc1 {[%clk 0:58:08]} Qa5 {[%clk 1:18:09]} 12. Rb1
{[%clk 0:43:51]} Ne6 {[%clk 1:14:49]} 13. Qd3 {[%clk 0:43:13]} Qh5
{[%clk 1:10:20]} 14. Qe2 {[%clk 0:36:58]} Ng4 {[%clk 1:02:33]} 15. Rd1
{[%clk 0:35:20]} f5 {[%clk 0:55:46]} 16. exf5 {[%clk 0:31:44]} Qxf5
{[%clk 0:55:19]} 17. h3 {[%clk 0:30:17]} Ne5 {[%clk 0:54:41]} 18. Nxe5
{[%clk 0:25:15]} dxe5 {[%clk 0:54:26]} 19. Be3 {[%clk 0:24:31]} Bg5
{[%clk 0:44:57]} 20. Ne4 {[%clk 0:21:31]} Bxe3 {[%clk 0:39:02]} 21. Qxe3
{[%clk 0:21:35]} Rd8 {[%clk 0:27:42]} 22. Rxd8+ {[%clk 0:21:17]} Nxd8
{[%clk 0:28:03]} 23. Re1 {[%clk 0:20:57]} Nf7 {[%clk 0:25:52]} 24. b3
{[%clk 0:19:27]} Bd7 {[%clk 0:23:55]} 25. Nc5 {[%clk 0:19:13]} b6
{[%clk 0:22:41]} 26. g4 {[%clk 0:18:47]} Qg6 {[%clk 0:20:17]} 27. Nxd7
{[%clk 0:19:08]} Re8 {[%clk 0:20:17]} 28. f4 {[%clk 0:16:49]} 1-0

[Event "MPA 2100 2024"]
[Site "Sianozety"]
[Date "2024.04.12"]
[Round "2.4"]
[White "Zgadzaj, Rafal"]
[Black "Kolodziej, Dariusz"]
[Result "1-0"]
[BlackElo "1854"]
[WhiteElo "1952"]
[LiveChessVersion "1.4.4"]

1. Nf3 Nf6 2. c4 g6 3. b3 Bg7 4. Bb2 O-O 5. g3 d6 6. d4 Nbd7 7. Bg2 Re8 8. O-O c6
9. Nc3 e5 10. Qc2 exd4 11. Nxd4 a5 12. Rad1 Qb6 13. Nf3 Qc7 14. Qd2 Bf8 15. Qf4
Nh5 16. Qd4 Nc5 17. Nd5 Bg7 18. Qxg7+ Nxg7 19. Nxc7 1-0

[Event "MPA 2100 2024"]
[Site "Sianozety"]
[Date "2024.04.12"]
[Round "3.1"]
[White "Plotka, Wojciech"]
[Black "Lewandrowski, Tomasz"]
[Result "1/2-1/2"]
[BlackElo "1919"]
[WhiteElo "1958"]
[LiveChessVersion "1.4.4"]

1. d4 {[%clk 1:30:55]} d5 {[%clk 1:31:00]} 2. Nf3 {[%clk 1:31:03]} Nf6
{[%clk 1:31:28]} 3. e3 {[%clk 1:31:10]} e6 {[%clk 1:31:57]} 4. Bd3
{[%clk 1:31:08]} Be7 {[%clk 1:31:39]} 5. O-O {[%clk 1:30:47]} O-O
{[%clk 1:32:06]} 6. b3 {[%clk 1:31:05]} b6 {[%clk 1:31:55]} 7. Bb2
{[%clk 1:29:27]} Bb7 {[%clk 1:32:24]} 8. Nbd2 {[%clk 1:28:57]} Nbd7
{[%clk 1:31:28]} 9. Ne5 {[%clk 1:26:59]} c5 {[%clk 1:29:49]} 10. f4
{[%clk 1:24:19]} Ne4 {[%clk 1:29:02]} 11. Rf3 {[%clk 1:12:56]} f5
{[%clk 1:24:21]} 12. Bxe4 {[%clk 1:07:02]} dxe4 {[%clk 1:22:17]} 13. Rh3
{[%clk 1:06:39]} Nxe5 {[%clk 1:22:00]} 14. dxe5 {[%clk 1:04:11]} g6
{[%clk 1:19:20]} 15. g4 {[%clk 0:54:47]} Qd7 {[%clk 1:12:49]} 16. gxf5
{[%clk 0:51:29]} Rxf5 {[%clk 1:11:47]} 17. Nc4 {[%clk 0:41:59]} Rd8
{[%clk 1:07:08]} 18. Qxd7 {[%clk 0:42:24]} Rxd7 {[%clk 1:07:24]} 19. Nd6
{[%clk 0:42:27]} Bxd6 {[%clk 1:07:15]} 20. Rd1 {[%clk 0:42:10]} Bc8
{[%clk 1:01:30]} 21. exd6 {[%clk 0:41:41]} Rd5 {[%clk 1:01:29]} 22. Rxd5
{[%clk 0:38:20]} exd5 {[%clk 1:01:58]} 23. Be5 {[%clk 0:37:10]} b5
{[%clk 0:58:40]} 24. Rg3 {[%clk 0:35:11]} Rb7 {[%clk 0:56:03]} 25. h4
{[%clk 0:34:25]} Bf5 {[%clk 0:48:52]} 26. h5 {[%clk 0:34:23]} Kf8
{[%clk 0:48:30]} 27. hxg6 {[%clk 0:33:58]} hxg6 {[%clk 0:48:40]} 28. Rg2
{[%clk 0:33:46]} Rh7 {[%clk 0:48:51]} 29. Rd2 {[%clk 0:23:24]} Be6
{[%clk 0:48:58]} 30. c3 {[%clk 0:21:30]} Ke8 {[%clk 0:44:26]} 31. a4
{[%clk 0:18:57]} bxa4 {[%clk 0:44:12]} 32. bxa4 {[%clk 0:19:26]} Rb7
{[%clk 0:44:41]} 33. Kf2 {[%clk 0:19:01]} Rb1 {[%clk 0:43:54]} 34. Kg3
{[%clk 0:17:02]} Rg1+ {[%clk 0:33:28]} 35. Kh2 {[%clk 0:17:30]} Rb1
{[%clk 0:30:03]} 36. Rg2 {[%clk 0:17:47]} Kf7 {[%clk 0:29:31]} 37. Kg3
{[%clk 0:14:08]} Re1 {[%clk 0:29:41]} 38. Rb2 {[%clk 0:11:16]} Rxe3+
{[%clk 0:29:54]} 39. Kf2 {[%clk 0:10:08]} Rf3+ {[%clk 0:30:04]} 40. Kg2
{[%clk 0:08:19]} Bh3+ {[%clk 0:26:09]} 41. Kh2 {[%clk 0:07:04]} Bc8
{[%clk 0:26:38]} 42. Rb8 {[%clk 0:06:40]} e3 {[%clk 0:26:10]} 43. Kg2
{[%clk 0:02:05]} e2 {[%clk 0:26:40]} 44. Kxf3 {[%clk 0:02:25]} e1=Q
{[%clk 0:26:53]} 45. Rxc8 {[%clk 0:02:39]} Qf1+ {[%clk 0:19:21]} 46. Kg3
{[%clk 0:03:06]} Qg1+ {[%clk 0:19:44]} 47. Kf3 {[%clk 0:03:25]} Qh1+
{[%clk 0:19:26]} 48. Kg3 {[%clk 0:03:30]} Ke6 {[%clk 0:17:34]} 49. Re8+
{[%clk 0:02:55]} Kf5 {[%clk 0:17:46]} 50. d7 {[%clk 0:02:29]} Qe1+
{[%clk 0:17:08]} 51. Kf3 {[%clk 0:01:43]} Qe4+ {[%clk 0:16:12]} 52. Kg3
{[%clk 0:01:18]} Qe3+ {[%clk 0:16:32]} 53. Kg2 {[%clk 0:01:23]} Qe2+
{[%clk 0:11:05]} 54. Kg3 {[%clk 0:01:28]} Qe3+ {[%clk 0:10:05]} 1/2-1/2

[Event "MPA 2100 2024"]
[Site "Sianozety"]
[Date "2024.04.12"]
[Round "3.2"]
[White "Guzik, Jolanta"]
[Black "Motyl, Tomasz"]
[Result "1/2-1/2"]
[BlackElo "1891"]
[WhiteElo "1977"]
[LiveChessVersion "1.4.4"]

1. c4 {[%clk 1:27:30]} e5 {[%clk 1:30:39]} 2. Nc3 {[%clk 1:27:17]} Nc6
{[%clk 1:30:23]} 3. g3 {[%clk 1:27:40]} g6 {[%clk 1:30:29]} 4. Bg2
{[%clk 1:28:03]} Bg7 {[%clk 1:30:41]} 5. e3 {[%clk 1:28:28]} d6 {[%clk 1:30:38]}
6. Nge2 {[%clk 1:28:39]} h5 {[%clk 1:30:46]} 7. h4 {[%clk 1:24:20]} Bg4
{[%clk 1:30:43]} 8. d3 {[%clk 1:23:39]} Qd7 {[%clk 1:29:19]} 9. Rb1
{[%clk 1:15:37]} Nge7 {[%clk 1:18:30]} 10. b4 {[%clk 1:08:35]} O-O
{[%clk 1:18:15]} 11. b5 {[%clk 1:08:39]} Nd8 {[%clk 1:18:23]} 12. Nd5
{[%clk 1:04:21]} Nxd5 {[%clk 1:16:25]} 13. cxd5 {[%clk 1:04:35]} Bxe2
{[%clk 1:15:32]} 14. Qxe2 {[%clk 1:04:15]} b6 {[%clk 1:15:13]} 15. Qc2
{[%clk 0:54:31]} Nb7 {[%clk 1:13:19]} 16. Qc6 {[%clk 0:41:00]} Qxc6
{[%clk 1:11:08]} 17. bxc6 {[%clk 0:41:22]} Nc5 {[%clk 1:03:50]} 18. Ke2
{[%clk 0:41:34]} f5 {[%clk 1:01:37]} 19. Ba3 {[%clk 0:38:57]} Rad8 1/2-1/2

[Event "MPA 2100 2024"]
[Site "Sianozety"]
[Date "2024.04.12"]
[Round "3.3"]
[White "Maksimenko, Andrei Jr"]
[Black "Zgadzaj, Rafal"]
[Result "0-1"]
[BlackElo "1952"]
[WhiteElo "1867"]
[LiveChessVersion "1.4.4"]

1. e4 {[%clk 1:27:14]} g6 {[%clk 1:30:54]} 2. d4 {[%clk 1:27:35]} Bg7
{[%clk 1:31:19]} 3. Nf3 {[%clk 1:27:02]} c6 {[%clk 1:31:11]} 4. a4
{[%clk 1:25:12]} d5 {[%clk 1:30:55]} 5. e5 {[%clk 1:07:07]} Bg4 {[%clk 1:29:38]}
6. Be2 {[%clk 1:03:57]} Nd7 {[%clk 1:25:05]} 7. Ng5 {[%clk 0:57:00]} Bxe2
{[%clk 1:24:17]} 8. Qxe2 {[%clk 0:54:05]} e6 {[%clk 1:17:32]} 9. Qf3
{[%clk 0:37:01]} Qe7 {[%clk 1:15:31]} 10. c3 {[%clk 0:32:52]} f6 {[%clk 1:09:04]}
11. exf6 {[%clk 0:31:58]} Ngxf6 {[%clk 1:08:12]} 12. Qh3 {[%clk 0:28:57]} h6
{[%clk 1:04:29]} 13. Nf3 {[%clk 0:29:17]} g5 {[%clk 1:03:00]} 14. Qg3
{[%clk 0:17:25]} O-O-O {[%clk 0:58:27]} 15. Nfd2 {[%clk 0:14:25]} h5
{[%clk 0:44:36]} 16. O-O {[%clk 0:06:46]} h4 {[%clk 0:39:13]} 17. Qd3
{[%clk 0:07:13]} e5 {[%clk 0:37:52]} 18. dxe5 {[%clk 0:06:53]} Nxe5
{[%clk 0:37:52]} 19. Qe3 {[%clk 0:03:52]} Kb8 {[%clk 0:34:17]} 20. b3
{[%clk 0:02:45]} Rde8 {[%clk 0:29:17]} 21. Ba3 {[%clk 0:02:12]} Qc7
{[%clk 0:29:43]} 22. Qxg5 {[%clk 0:00:51]} Neg4 {[%clk 0:23:38]} 23. Nf3
{[%clk 0:00:39]} Bh6 {[%clk 0:18:49]} 24. Qf5 {[%clk 0:01:08]} Re4
{[%clk 0:19:10]} 25. h3 {[%clk 0:01:04]} Rf4 {[%clk 0:19:28]} 26. Qe6
{[%clk 0:01:18]} Re8 {[%clk 0:14:46]} 27. Qd6 {[%clk 0:01:40]} Ne5
{[%clk 0:14:51]} 28. Nbd2 {[%clk 0:00:38]} Nd3 {[%clk 0:14:17]} 29. Nxh4
{[%clk 0:00:35]} Re2 {[%clk 0:12:36]} 30. Ndf3 {[%clk 0:00:42]} c5
{[%clk 0:11:41]} 31. Rad1 {[%clk 0:00:50]} 0-1